Normal view
MARC view
- MOHAMMAD JAMSHIDI , VADIEE, NADER , ROSS, TIMOTHY J
Entry Personal Name
001 - CONTROL NUMBER
- control field: 67427
003 - CONTROL NUMBER IDENTIFIER
- control field: NUST
005 - DATE AND TIME OF LATEST TRANSACTION
- control field: 20210628203824.0
008 - FIXED-LENGTH DATA ELEMENTS
- fixed length control field: 210628|| aca||aabn | a|a d
040 ## - CATALOGING SOURCE
- Original cataloging agency: NUST
- Transcribing agency: NUST
100 ## - HEADING--PERSONAL NAME
- Personal name: MOHAMMAD JAMSHIDI , VADIEE, NADER , ROSS, TIMOTHY J
670 ## - SOURCE DATA FOUND
- Source citation: Work cat.: (NUST): MOHAMMAD JAMSHIDI , VADIEE, NADER , ROSS, TIMOTHY J, FUZZY LOGIC AND CONTROL , SOFTWARE AND HARDWARE APPLICTIONS, 1993
